[Event "Mechanics' Whitehead TNM; 30/90, SD/30"]
[Site "San Francisco"]
[Date "2014.08.26"]
[Round "4.18"]
[White "Allen, Tom"]
[Black "Rosenstein, Perry"]
[Result "1-0"]
[WhiteElo "1440"]
[BlackElo "1767"]
[Annotator "Donaldson"]
[PlyCount "69"]
[EventDate "2014.??.??"]

1. e4 c5 2. d4 cxd4 3. c3 g6 4. cxd4 d5 5. Bb5+ Bd7 6. Bxd7+ Qxd7 7. e5 Nc6 8.
Nf3 e6 9. O-O Bg7 10. Nc3 Nge7 11. Nb5 $2 (11. Bg5) 11... Nxe5 $1 12. Nxe5 Bxe5
13. dxe5 Qxb5 14. a4 Qa5 15. Bd2 Qb6 16. b4 Rc8 17. b5 Nf5 18. g4 Ng7 19. Be3
Qd8 20. a5 h5 21. Bxa7 Qh4 22. Qf3 hxg4 23. Qg3 Qh5 24. Rac1 Rc4 $2 (24... Ra8
25. Be3 Nf5 $19) 25. Rxc4 $1 dxc4 {Diagram #} 26. a6 $1 bxa6 27. b6 $1 (27.
bxa6 $2 Nf5) 27... Nf5 28. b7 Kd7 $4 ({There was a problem-like draw after} 
28... O-O 29. Qc3 Nh4 30. Rc1 Nf3+ 31. Kf1 Qh3+ 32. Ke2 Ng1+ 33. Ke1 Nf3+ 34.
Ke2 Ng1+ $11) 29. Rd1+ Kc7 30. b8=Q+ Rxb8 31. Bxb8+ Kxb8 32. Qc3 g3 33. Qb4+
Kc7 34. Qxc4+ Kb7 35. Rd7+ 1-0

[Event "Mechanics' Fall TNM; 30/90, SD/30"]
[Site "San Francisco"]
[Date "2014.11.18"]
[Round "4.31"]
[White "Allen, Tom"]
[Black "Royzen, Igor"]
[Result "0-1"]
[WhiteElo "1440"]
[BlackElo "1857"]
[PlyCount "88"]
[EventDate "2014.??.??"]

1. e4 d5 2. exd5 Qxd5 3. Nc3 Qd6 4. Nf3 Nf6 5. d4 a6 6. Bg5 b5 7. Bxf6 exf6 8.
Bd3 Bb7 9. O-O Be7 10. Re1 O-O 11. Ne4 Qf4 12. Ng3 Bd6 13. Be4 Nc6 14. Nf5 Rfe8
15. Nxd6 Qxd6 16. Qd3 g6 17. a3 Rad8 18. c3 Qf4 19. Qc2 Nxd4 20. Nxd4 Bxe4 21.
Qc1 Qxc1 22. Raxc1 Bd5 23. f3 c5 24. Nc2 Bb3 25. Rxe8+ Rxe8 26. Kf2 f5 27. f4
Kg7 28. Ne3 Kf6 29. h4 Rd8 30. Ke2 Bc4+ 31. Nxc4 bxc4 32. Rd1 Rxd1 33. Kxd1 Ke6
34. Ke2 Kd5 35. Ke3 f6 36. g3 h6 37. Kf3 g5 38. hxg5 fxg5 39. fxg5 hxg5 40. Ke3
Kc6 41. Kf3 Kb5 42. Ke2 Ka4 43. Kd2 Kb3 44. Kc1 f4 0-1

[Event "Mechanics' Whitehead TNM; 30/90, SD/30"]
[Site "San Francisco"]
[Date "2014.09.23"]
[Round "8.19"]
[White "Allen, Tom"]
[Black "Sadowsky, Jacob"]
[Result "1-0"]
[WhiteElo "1440"]
[BlackElo "1736"]
[PlyCount "103"]
[EventDate "2014.??.??"]

1. e4 Nf6 2. e5 Nd5 3. Nf3 Nc6 4. d4 d6 5. Bb5 Bd7 6. exd6 exd6 7. O-O Be7 8.
Re1 O-O 9. c4 Nb6 10. Bxc6 Bxc6 11. d5 Bd7 12. Qd3 Bf6 13. Nc3 g6 14. Ne4 Bg7
15. Ng3 Bg4 16. Re4 f5 17. Rxg4 fxg4 18. Ng5 Qc8 19. Ne6 Rf7 20. Ne4 Nd7 21.
Nxg7 Rxg7 22. Bh6 Rf7 23. Ng5 Ne5 24. Qc3 Rf5 25. Ne6 c6 26. Rc1 Qd7 27. Bg7
Rc8 28. Qe3 cxd5 29. cxd5 Rxc1+ 30. Qxc1 Nd3 31. Qe3 Nc5 32. Bc3 Rxd5 33. Nd4
Re5 34. Qc1 Qe8 35. Nc2 Re2 36. Ne3 Rxf2 37. Nxg4 Nd3 38. Qd1 Rf4 39. Nh6+ Kf8
40. Qxd3 Qc6 41. Qe2 Qc5+ 42. Kh1 Qg5 43. Bd2 Qxh6 44. g3 g5 45. gxf4 gxf4 46.
Qf3 Qf6 47. Qxf4 Qxf4 48. Bxf4 d5 49. Kg2 Kg7 50. Kf3 Kf6 51. Ke3 a6 52. Kd4
1-0

[Event "Mechanics' Whitehead TNM; 30/90, SD/30"]
[Site "San Francisco"]
[Date "2014.09.16"]
[Round "7.13"]
[White "Allen, Tom"]
[Black "Sahin, Ozgur"]
[Result "0-1"]
[WhiteElo "1440"]
[BlackElo "1969"]
[Annotator "Donaldson"]
[PlyCount "50"]
[EventDate "2014.??.??"]

1. e4 e6 2. d4 d5 3. Nd2 dxe4 4. Nxe4 Nd7 5. Nf3 Ngf6 6. Bd3 Nxe4 7. Bxe4 Nf6
8. Bg5 Be7 9. Bxf6 Bxf6 10. O-O O-O 11. c3 g6 12. Qc2 Bg7 13. Rad1 c6 14. Rfe1
Qc7 15. c4 b6 16. Qb3 Bb7 17. d5 cxd5 18. cxd5 Bxd5 19. Bxd5 exd5 20. Rxd5 Rad8
21. Red1 $2 (21. Rxd8 Rxd8 22. h3 $11) 21... Rxd5 22. Qxd5 (22. Rxd5 Qc1+ 23.
Rd1 Qxb2) 22... Bxb2 23. Qd2 Ba3 24. Qe2 Bc5 25. Ne5 $4 Re8 0-1

[Event "Mechanics' Spring TNM; 30/90, SD/30"]
[Site "San Francisco"]
[Date "2014.04.08"]
[Round "4.15"]
[White "Allen, Tom"]
[Black "Sherwood, Peter"]
[Result "0-1"]
[WhiteElo "1496"]
[BlackElo "1808"]
[Annotator "Donaldson"]
[PlyCount "114"]
[EventDate "2014.??.??"]

1. e4 e6 2. d4 d5 3. Nd2 c5 4. exd5 Qxd5 5. Ngf3 cxd4 6. Bc4 Qd6 7. O-O Nc6 8.
Nb3 Nf6 9. Nbxd4 Nxd4 10. Nxd4 a6 11. c3 Qc7 12. Bb3 Bd6 13. Nf3 O-O 14. Bc2
Bd7 15. Bg5 Nd5 16. Qd3 g6 17. Bh6 Rfd8 18. Qd4 Bf8 19. Bg5 Bg7 20. Qh4 f6 21.
Bh6 Bc6 22. Rfe1 e5 23. Bb3 Kh8 24. Rad1 Ne7 25. Bxg7+ Kxg7 26. Qc4 Nd5 27. Qg4
$2 {Diagram #} (27. g3 $11) 27... Qe7 $2 (27... Nf4 $1 $19) 28. Nd4 $1 Kh8 29.
Nxc6 bxc6 30. Qf3 Qe6 31. Re2 f5 32. Red2 e4 33. Qh3 Rd7 34. c4 Nf6 {Diagram #}
35. c5 (35. Rxd7 {
This soon arises in the game but could have been played immediately.} Nxd7 36.
Qc3+ Ne5 (36... Kg8 37. c5) 37. c5 Qe7 38. Rd6 (38. f4 exf3 39. Rd6 Qg7 40. Re6
Nf7 41. Qxg7+ Kxg7 42. Re7 Rf8 43. gxf3 Kf6 44. Re6+)) 35... Qe7 (35... Rxd2
36. Rxd2 Qe5) 36. Rxd7 Nxd7 37. Qc3+ Ne5 38. Rd6 Qg7 39. Qd4 h6 40. Rd8+ $4 {
This throws away all of White's hard won advantage.} ({The immediate} 40. Re6 {
is met by} Nf3+ {but}) (40. f3 $1 exf3 41. Re6 f2+ {
(the black pawn is now on f3)} 42. Kf1 Ng4 43. Qxg7+ Kxg7 44. h3 Nf6 45. Rxc6 {
leads to a winning ending for White. The key to breaking down Black's position
is getting rid of the knight on e5.} Ne4 46. Bc2 Rd8 47. Bxe4 fxe4 48. Kxf2
Rd2+ 49. Ke3 Rxb2 50. Rxa6 Rxg2 51. Kxe4 {
and White's advanced passed pawn and active King should make this an easy win.}
) 40... Rxd8 41. Qxd8+ Kh7 42. Qb6 Nd3 43. Qxc6 Nxb2 $4 (43... h5 {making luft
and following with ...Qxb2 or ...Qd4 would have given Black enough counterplay
to hold the balance.}) 44. Qd5 $1 Na4 45. h3 $4 (45. Bxa4 Qa1+ 46. Bd1 {
is finito.}) 45... Nc3 46. Qd6 Nb5 47. Qd8 Nc7 48. c6 (48. Bg8+ Qxg8 49. Qxc7+
Kh8 50. Qe5+ Kh7 51. c6 Qxa2 52. Qe7+ Kg8 53. c7 {wins.}) 48... f4 49. Qd7 (49.
Bg8+ {wins again.}) 49... e3 {Black tries to complicate matters and force
White to use up his last few minutes on his clock.} 50. fxe3 fxe3 51. Kf1 $1 {
Well played! Black is totally tied up.} Kh8 52. Qxg7+ Kxg7 53. Ke2 Kf6 54. Kxe3
Ke5 55. Bc4 a5 56. g3 g5 57. a4 Kd6 {
And White lost on time in a winning position. For example:} (57... Kd6 58. Ke4
Kxc6 59. Kf5 {and White picks up the kingside pawns.}) (57... Ne8) 0-1

[Event "Mechanics' Spring TNM; 30/90, SD/30"]
[Site "San Francisco"]
[Date "2014.04.29"]
[Round "7.29"]
[White "Allen, Tom"]
[Black "West, David Matthew"]
[Result "0-1"]
[WhiteElo "1496"]
[BlackElo "1333"]
[PlyCount "88"]
[EventDate "2014.??.??"]

1. e4 e6 2. d4 d5 3. Nd2 c5 4. exd5 exd5 5. dxc5 Bxc5 6. Ngf3 Nc6 7. Bb5 Qb6 8.
Qe2+ Nge7 9. Nb3 Bd6 10. Be3 Qc7 11. Bxc6+ bxc6 12. Bd4 O-O 13. Be5 Bg4 14.
Bxd6 Qxd6 15. O-O Rfe8 16. Qd3 Bf5 17. Qc3 Be4 18. Rad1 Qg6 19. Nbd4 Rac8 20.
g3 c5 21. Ne5 cxd4 22. Qxc8 Rxc8 23. Nxg6 Nxg6 24. Rd2 Ne5 25. f4 Nf3+ 26. Rxf3
Bxf3 27. Rxd4 Rxc2 28. Rb4 g6 29. a4 Rc4 30. Rb8+ Kg7 31. b4 d4 32. Kf2 Bd1 33.
a5 d3 34. b5 Bc2 35. Ke3 Kf6 36. Rd8 Ke6 37. Rb8 Kd6 38. b6 axb6 39. axb6 Rb4
40. b7 Kc6 41. Rc8+ Kxb7 42. Rf8 f5 43. Rf7+ Kc6 44. Rxh7 Re4+ 0-1

[Event "Mechanics' Spring TNM; 30/90, SD/30"]
[Site "San Francisco"]
[Date "2014.05.06"]
[Round "8.29"]
[White "Allen, Tom"]
[Black "Zulkhuu, Jamyandagva"]
[Result "1-0"]
[WhiteElo "1496"]
[BlackElo "787"]
[PlyCount "57"]
[EventDate "2014.??.??"]

1. e4 e5 2. Nf3 Nc6 3. d4 d6 4. dxe5 dxe5 5. Qxd8+ Nxd8 6. Nxe5 Nf6 7. Bd3 Bd6
8. Nc4 Bc5 9. O-O O-O 10. Bf4 Ne6 11. Bg3 Nh5 12. Be5 Nhf4 13. Nc3 Nxd3 14.
cxd3 c6 15. Na4 Be7 16. Nc3 Rd8 17. Rad1 c5 18. Nd5 Bg5 19. f4 Bh6 20. g4 Nd4
21. Bxd4 cxd4 22. g5 Bg4 23. Rd2 Bxg5 24. fxg5 Bh3 25. Rf4 Be6 26. Nc7 Bxc4 27.
Nxa8 Rxa8 28. dxc4 Rd8 29. e5 1-0

[Event "Mechanics' Winter TNM; 30/90, SD/30"]
[Site "San Francisco"]
[Date "2014.01.14"]
[Round "2.35"]
[White "Allen, Tom"]
[Black "Zulkhuu, Jamyandagva"]
[Result "1-0"]
[WhiteElo "1495"]
[BlackElo "908"]
[PlyCount "49"]
[EventDate "2014.??.??"]

1. e4 e5 2. Nf3 Nc6 3. d4 Bd6 4. Bc4 Nh6 5. Nc3 b6 6. a3 Bb7 7. b4 Qf6 8. Nd5
Qd8 9. Bb2 Ng4 10. h3 Nf6 11. dxe5 Nxe5 12. Nxe5 Bxe5 13. Bxe5 d6 14. Bxf6 gxf6
15. Qf3 Qd7 16. Nxf6+ Kd8 17. Nxd7 Kxd7 18. Qxf7+ Kc8 19. O-O-O Bc6 20. b5 Be8
21. Qf6 Rb8 22. Qxh8 Kb7 23. Bd5+ c6 24. bxc6+ Bxc6 25. Bxc6+ 1-0

[Event "Mechanics' Winter TNM; 30/90, SD/30"]
[Site "San Francisco"]
[Date "2014.01.21"]
[Round "3.10"]
[White "Anderson, Michael"]
[Black "Drane, Robert"]
[Result "1-0"]
[WhiteElo "1928"]
[BlackElo "1800"]
[PlyCount "79"]
[EventDate "2014.??.??"]

1. e4 Nf6 2. e5 Nd5 3. c4 Nb6 4. d4 d6 5. exd6 exd6 6. Nc3 Be7 7. Bd3 Nc6 8.
Nge2 Bg4 9. f3 Bh5 10. O-O Bf6 11. Be3 Qe7 12. Bf2 Bg6 13. Nd5 Nxd5 14. cxd5
Nb8 15. Nf4 O-O 16. Nxg6 hxg6 17. Rc1 c6 18. Be4 Qd7 19. Qb3 Rc8 {Diagram #}
20. Bxg6 $1 Rc7 21. Be4 Na6 22. dxc6 bxc6 23. Qa4 d5 24. Bd3 Nb8 25. Rfe1 a6
26. Re2 Raa7 27. Rce1 Rc8 28. Bg3 g6 29. Be5 Bxe5 30. Rxe5 Kg7 31. Qb3 Qd8 32.
Qc2 Qf6 33. Qf2 Rd7 34. Qg3 Rcc7 35. f4 Re7 36. f5 c5 37. fxg6 fxg6 38. Rxe7+
Rxe7 39. Rxe7+ Qxe7 40. Qxg6+ 1-0

[Event "Mechanics' Whitehead TNM; 30/90, SD/30"]
[Site "San Francisco"]
[Date "2014.08.19"]
[Round "3.4"]
[White "Anderson, Michael"]
[Black "Nagarajan, Pranav"]
[Result "1/2-1/2"]
[WhiteElo "2006"]
[BlackElo "2157"]
[Annotator "Donaldson"]
[PlyCount "43"]
[EventDate "2014.??.??"]

1. e4 c5 2. d4 cxd4 3. c3 d5 4. exd5 Qxd5 5. cxd4 Nc6 6. Nf3 e5 7. Nc3 Bb4 8.
Bd2 Bxc3 9. Bxc3 e4 10. Ne5 Nxe5 11. dxe5 Ne7 12. Be2 (12. Qa4+ Bd7 13. Qa3 Qe6
14. Qb4 Nd5 15. Qxb7 O-O 16. Bc4 Bc6 17. Qa6 Rac8 18. O-O Qg4 19. Bxd5 Bxd5 20.
Qxa7 Rc6 21. h3 Qf5 22. Qe3 Rg6 23. a3 {
1-0 Silman,J (2200)-Ghizdavu,D (2425)/Lone Pine 1975/MCD}) 12... O-O 13. O-O
Bf5 14. Qa4 Qc6 (14... Qe6) 15. Qxc6 Nxc6 16. f4 (16. b4 {and}) (16. Rfd1 {
have been played here. The text appears to be new.}) 16... exf3 17. Bxf3 Be6
18. Bxc6 $6 ({There was no reason to relinquish the bishop pair.} 18. b4 $14)
18... bxc6 19. a3 Rfd8 20. Rfd1 Rd5 21. Rxd5 cxd5 22. Rd1 1/2-1/2

[Event "Mechanics' Whitehead TNM; 30/90, SD/30"]
[Site "San Francisco"]
[Date "2014.09.16"]
[Round "7.10"]
[White "Anderson, Michael"]
[Black "Poling, Scott"]
[Result "0-1"]
[WhiteElo "2006"]
[BlackElo "1677"]
[PlyCount "50"]
[EventDate "2014.??.??"]

1. e4 e6 2. Nf3 d5 3. Nc3 Nf6 4. e5 Nfd7 5. d4 c5 6. Bf4 Nc6 7. Bb5 a6 8. Bxc6
bxc6 9. O-O cxd4 10. Qxd4 Rb8 11. Bg5 Qc7 12. a3 Bc5 13. Qh4 Rxb2 14. Na4 Rxc2
15. Nxc5 Nxc5 16. Rac1 Rxc1 17. Rxc1 Nd3 18. Qg3 Nxc1 19. Bxc1 f6 20. Be3 c5
21. Bf4 Qb7 22. h4 Qb1+ 23. Kh2 Qg6 24. Qh3 h5 25. exf6 gxf6 0-1

[Event "Mechanics' Whitehead TNM; 30/90, SD/30"]
[Site "San Francisco"]
[Date "2014.09.23"]
[Round "8.15"]
[White "Anderson, Michael"]
[Black "Sherwood, Peter"]
[Result "1-0"]
[WhiteElo "2006"]
[BlackElo "1722"]
[Annotator "Donaldson"]
[PlyCount "53"]
[EventDate "2014.??.??"]

1. e4 c5 2. d4 cxd4 3. c3 d3 4. Bxd3 Nc6 5. c4 Nf6 6. Nc3 g6 7. Nf3 d6 8. h3
Bg7 9. O-O O-O 10. Be3 Be6 $6 (10... Bd7 11. Rc1 Rb8 {
intending ...a6 and b5 was the standard plan to chip away at the Maroczy Bind.}
) (10... Nd7 {intending ...Nc5 was another idea.}) 11. Ng5 Bd7 $6 (11... Nd7 {
looks better as after} 12. Nxe6 fxe6 {
the e6 pawn, though doubled, does a good job of covering the d5 square.}) 12.
f4 e6 (12... e5 13. f5 Nd4 {
looks ugly, but might be Black's last try to mix things up.}) 13. Be2 Ne8 14.
Qd2 Qe7 15. Rad1 Rd8 16. Nb5 Bc8 17. Nxa7 Nxa7 18. Bxa7 Nf6 19. Bb6 Rd7 20. Qe3
Ne8 21. b3 Nc7 22. e5 dxe5 23. Bc5 exf4 24. Bxe7 fxe3 25. Rxd7 Bxd7 26. Bxf8
Bxf8 27. Rxf7 1-0

[Event "Mechanics' Whitehead TNM; 30/90, SD/30"]
[Site "San Francisco"]
[Date "2014.08.05"]
[Round "1.14"]
[White "Anderson, Michael"]
[Black "Simpkins, Jerry"]
[Result "1-0"]
[WhiteElo "2006"]
[BlackElo "1480"]
[PlyCount "50"]
[EventDate "2014.??.??"]

1. Nf3 Nc6 2. c4 e5 3. Nc3 f5 4. d3 Nf6 5. g3 d6 6. Bg2 Be7 7. O-O O-O 8. Bd2
Nh5 9. Nd5 f4 10. b4 Bg4 11. b5 Bxf3 12. Bxf3 fxg3 13. bxc6 bxc6 14. Nxe7+ Qxe7
15. fxg3 Nf4 16. gxf4 exf4 17. Rf2 Qf6 18. Bxc6 Rad8 19. Rc1 Qg5+ 20. Bg2 Rf6
21. Kh1 Rdf8 22. Qg1 Qe5 23. Bc3 Qe3 24. Bxf6 Rxf6 25. Bd5+ Kh8 1-0

[Event "Mechanics' Whitehead TNM; 30/90, SD/30"]
[Site "San Francisco"]
[Date "2014.09.02"]
[Round "5.12"]
[White "Anderson, Michael"]
[Black "Standen, Julian"]
[Result "1-0"]
[WhiteElo "2006"]
[BlackElo "1665"]
[Annotator "Donaldson"]
[PlyCount "53"]
[EventDate "2014.??.??"]

1. c4 c6 2. g3 Nf6 3. Bg2 e5 4. Nc3 d6 5. d3 Be7 6. Nf3 O-O 7. O-O Qc7 8. Bg5
Nbd7 9. Rc1 a5 10. a3 h6 11. Bd2 b6 12. Nh4 Re8 13. Nf5 Bb7 14. Nxe7+ Rxe7 15.
e4 Rae8 16. b4 axb4 17. axb4 Ra8 18. Kh1 Ree8 19. f4 Ra3 20. f5 Rea8 21. g4 Qd8
22. g5 hxg5 23. Bxg5 Qf8 24. Rg1 Bc8 25. Bf3 c5 26. Nb5 Ra2 27. Bh6 {A puzzling
resignation, as after the only defense, 27...Ne8, Black is very much in the
game although White is for choice. A case of Amaurosis scacchistica - Latin
for chess blindness.} 1-0

[Event "Mechanics' Winter TNM; 30/90, SD/30"]
[Site "San Francisco"]
[Date "2014.01.28"]
[Round "4.4"]
[White "Anderson, Michael"]
[Black "Wong, Russell"]
[Result "1/2-1/2"]
[WhiteElo "1928"]
[BlackElo "2200"]
[PlyCount "47"]
[EventDate "2014.??.??"]

1. e4 Nf6 2. e5 Nd5 3. c4 Nb6 4. d4 d6 5. exd6 exd6 6. Nc3 Be7 7. Bd3 Nc6 8.
Nge2 O-O 9. b3 Bg4 10. Qc2 g6 11. a3 Bf6 12. Be3 Bxe2 13. Nxe2 Bg7 14. Rc1 Re8
15. O-O Nd7 16. Be4 Nf6 17. Bf3 Qd7 18. h3 Re7 19. Ng3 Rae8 20. d5 Nd8 21. Bg5
Re5 22. Bf4 R5e7 23. Bg5 Re5 24. Bf4 1/2-1/2

[Event "Mechanics' Fall TNM; 30/90, SD/30"]
[Site "San Francisco"]
[Date "2014.12.09"]
[Round "7.22"]
[White "Anderson, Michael Gene"]
[Black "Ebert, John"]
[Result "0-1"]
[WhiteElo "1992"]
[BlackElo "1753"]
[PlyCount "52"]
[EventDate "2014.??.??"]

1. e4 e6 2. d4 d5 3. Nc3 Bb4 4. e5 b6 5. Qg4 Bf8 6. Bg5 Qd7 7. Bd3 Nc6 8. a3
Bb7 9. Nge2 h6 10. Qh3 Nge7 11. O-O O-O-O 12. b4 Rg8 13. Bd2 Nf5 14. Bxf5 exf5
15. Nd1 g5 16. b5 Na5 17. Bxa5 bxa5 18. Qb3 Rg6 19. Nb2 c5 20. Qa4 Rb6 21. Nc3
cxd4 22. Qxd4 Qc7 23. Nba4 Re6 24. Qxa7 d4 25. Ne2 Qxe5 26. Nc1 Qxb5 {
White's flag fell in a lost position.} 0-1

[Event "Mechanics' Fall TNM; 30/90, SD/30"]
[Site "San Francisco"]
[Date "2014.11.18"]
[Round "4.16"]
[White "Anderson, Michael Gene"]
[Black "Lin, Aung Tun"]
[Result "1-0"]
[WhiteElo "1992"]
[BlackElo "1689"]
[Annotator "Donaldson"]
[PlyCount "35"]
[EventDate "2014.??.??"]

1. e4 c5 2. d4 e6 3. Nf3 d5 $6 4. exd5 Qxd5 $2 (4... exd5 $16) 5. Nc3 Qd8 6.
Be3 Qc7 $2 (6... cxd4) 7. Nb5 Qb6 8. dxc5 Bxc5 9. Bxc5 Qxc5 {Diagram #} 10. Qd6
$1 Na6 11. Qxc5 Nxc5 12. Nc7+ Kd7 13. Nxa8 Ne7 14. Ne5+ Ke8 15. Bb5+ Bd7 16.
Nxd7 a6 17. Ne5+ axb5 18. Nc7+ 1-0

[Event "Mechanics' Fall TNM; 30/90, SD/30"]
[Site "San Francisco"]
[Date "2014.11.04"]
[Round "3.17"]
[White "Anderson, Michael Gene"]
[Black "Morgan, Jerry"]
[Result "1-0"]
[WhiteElo "1992"]
[BlackElo "1561"]
[Annotator "Anderson"]
[PlyCount "91"]
[EventDate "2014.??.??"]

1. e4 Nf6 2. e5 Nd5 3. c4 Nb6 4. d4 d6 5. f4 g6 6. Nf3 Bg7 7. Be2 O-O 8. O-O
Be6 9. d5 Bg4 10. exd6 cxd6 11. Nbd2 N8d7 12. h3 Bxf3 13. Rxf3 Nc5 14. Rb1 Nca4
15. Ne4 Rc8 16. b3 Nc5 17. Nxc5 dxc5 18. Bb2 Rc7 19. Be5 Rd7 20. Rd3 Nc8 21.
Bg4 f5 22. Bf3 Nd6 23. Rb2 Nf7 24. Bxg7 Kxg7 25. Re2 Nd6 26. Re6 Rf6 27. Qa1
Kf7 28. Rde3 Ne8 29. Qe5 Ng7 30. Rxf6+ exf6 31. Qc3 Re7 32. Rxe7+ Qxe7 33. a3
Qd6 34. Qe3 Ne8 35. b4 b6 36. b5 Qe7 37. Kf2 Nd6 38. Be2 Ne4+ 39. Kf3 g5 40.
Bd3 h5 41. Bxe4 g4+ 42. hxg4 hxg4+ 43. Kg3 Qxe4 44. Qxe4 fxe4 45. f5 $4 (45.
Kxg4 $1) 45... Ke7 $4 (45... e3 $3 $18) 46. Kxg4 $1 $18 1-0

[Event "Mechanics' Fall TNM; 30/90, SD/30"]
[Site "San Francisco"]
[Date "2014.12.09"]
[Round "7.15"]
[White "Andries, Craig"]
[Black "Hack, Richard"]
[Result "1-0"]
[WhiteElo "1947"]
[BlackElo "1664"]
[PlyCount "115"]
[EventDate "2014.??.??"]

1. e4 e5 2. d3 Nc6 3. Nd2 Bc5 4. Ngf3 d6 5. g3 Bg4 6. Bg2 Nf6 7. O-O O-O 8. h3
Bh5 9. c3 Qd7 10. b4 Bb6 11. a4 a5 12. b5 Ne7 13. Nc4 Bc5 14. Be3 Bxe3 15. fxe3
Bg6 16. Kh2 h6 17. Qe1 Nc8 18. Qb1 Nb6 19. Qb3 Nxc4 20. Qxc4 Rac8 21. Nh4 Bh7
22. Nf5 Bxf5 23. exf5 d5 24. Qh4 c6 25. bxc6 bxc6 26. g4 Qd6 27. Kh1 Rb8 28. g5
hxg5 29. Qxg5 Rb3 30. Rf3 Nh7 31. Qg3 Qf6 32. Qe1 Ng5 33. Rf2 Qh6 34. Kh2 Rfb8
35. Qc1 Qh4 36. Raa2 Nh7 37. d4 Rb1 38. Qd2 Nf6 39. Bf3 Ne4 40. Bxe4 Qxe4 41.
Rg2 Qxf5 42. Qf2 Qxf2 43. Rgxf2 exd4 44. exd4 Rc1 45. Ra3 Rbb1 46. Kg3 Rg1+ 47.
Kf4 f6 48. Rf3 Rgf1 49. Rxf1 Rxf1+ 50. Kg3 Rb1 51. h4 Kf7 52. h5 Rg1+ 53. Kf4
Ke6 54. Rb3 Rf1+ 55. Kg3 Ra1 56. Rb7 Rg1+ 57. Kf2 Rg5 58. Ra7 {Both players
quit keeping score at this point when Black is better. That did not stop White
from outplaying his opponent in mutual time pressure.} 1-0

[Event "Mechanics' Fall TNM; 30/90, SD/30"]
[Site "San Francisco"]
[Date "2014.11.25"]
[Round "5.16"]
[White "Andries, Craig"]
[Black "Poling, Scott"]
[Result "1/2-1/2"]
[WhiteElo "1947"]
[BlackElo "1728"]
[Annotator "Donaldson"]
[PlyCount "51"]
[EventDate "2014.??.??"]

1. e4 e6 2. d3 d5 3. Nd2 Nf6 4. Ngf3 c5 5. g3 Nc6 6. Bg2 Be7 7. O-O b5 {
Black's treatment delaying castling is quite interesting.} 8. Re1 a5 9. e5 (9.
exd5 exd5 10. c4 {trying to open the game is the way to try to take advantage
of Black's delaying castling.}) 9... Nd7 10. Nf1 Ba6 11. Bf4 b4 12. h4 a4 13.
a3 Nb6 14. h5 bxa3 15. bxa3 Na7 (15... h6) 16. h6 g6 17. N1h2 Nb5 18. Qc1 Rb8
19. Ng4 Nc3 $2 {Diagram #} 20. Bg5 $2 (20. Nf6+ $1 Bxf6 (20... Kf8 21. Ng5 $1)
21. exf6 Rb7 22. Bd2 Nb5 (22... Qxf6 23. Bg5 Qf5 24. Nh4 Qg4 25. Bf6 $18) (
22... d4 23. Bxc3 dxc3 24. Ng5 $18) 23. c4 $1 $18) 20... d4 $2 21. Nf6+ {
Not as strong as earlier as the sacrifice can be safely declined.} Kf8 22. Nh2
{the followup Ng5 is no longer available.} Bb7 23. Bxb7 Rxb7 24. Nhg4 Nbd5 25.
Qd2 Rb2 26. f4 $11 1/2-1/2

[Event "Mechanics' Fall TNM; 30/90, SD/30"]
[Site "San Francisco"]
[Date "2014.11.04"]
[Round "3.34"]
[White "Andries, Craig"]
[Black "Rakonitz, David"]
[Result "1-0"]
[WhiteElo "1947"]
[BlackElo "1568"]
[Annotator "Donaldson"]
[PlyCount "55"]
[EventDate "2014.??.??"]

1. Nf3 Nf6 2. g3 e6 3. d3 d5 4. Nbd2 c5 5. Bg2 Nc6 6. O-O Be7 7. e4 O-O 8. Re1
b5 9. e5 Nd7 10. Nf1 a5 11. Bf4 Ba6 12. h4 b4 13. N1h2 Bb5 $6 (13... a4 {
aiming for ...a3 was more to the point as time is precious in this variation.
If Black can force White to play b3 he can follow up with Nc6-a7-b5-c3.}) 14.
h5 h6 $2 {This stops White from playing h6, but the cure is worse than the
disease as it creates a horrible target on h6.} (14... a4) 15. Ng4 c4 16. d4 a4
17. a3 c3 18. bxc3 bxc3 19. Re3 Qa5 20. Qe1 Nb6 21. Rxc3 Nc4 22. Bf1 Qa6 23.
Qc1 (23. Bxh6 $1) 23... Nxa3 {Diagram #} 24. Bxh6 $1 Bxf1 25. Bxg7 Kxg7 26.
Qh6+ Kg8 27. Nf6+ Bxf6 28. exf6 1-0

[Event "Mechanics' Fall TNM; 30/90, SD/30"]
[Site "San Francisco"]
[Date "2014.10.28"]
[Round "2.38"]
[White "Aquino, Pat"]
[Black "Starr, Albert"]
[Result "0-1"]
[WhiteElo "1609"]
[BlackElo "1517"]
[PlyCount "68"]
[EventDate "2014.??.??"]

1. e4 e5 2. Nf3 Nf6 3. Nxe5 d6 4. Nf3 Nxe4 5. Qe2 Qe7 6. d3 Nf6 7. Nc3 Qxe2+ 8.
Bxe2 Bg4 9. h3 Bh5 10. Bf4 Nbd7 11. Nb5 Nd5 12. Bg3 a6 13. Na3 Be7 14. O-O O-O
15. Bd1 Rfe8 16. Nd4 Bxd1 17. Raxd1 Bf6 18. c3 Bxd4 19. cxd4 Re2 20. Rb1 Nb4
21. Rbc1 Rc8 22. Bxd6 Nxd3 23. Rxc7 Rxc7 24. Bxc7 Rxb2 25. Nc4 Rc2 26. Ne5
N7xe5 27. Bxe5 Nxe5 28. dxe5 Rxa2 29. Rc1 Kf8 30. Kf1 b5 31. f3 b4 32. Rb1 a5
33. Ke1 Rxg2 34. Ra1 Rg1+ 0-1

[Event "Mechanics' Whitehead TNM; 30/90, SD/30"]
[Site "San Francisco"]
[Date "2014.09.23"]
[Round "8.11"]
[White "Askin, David"]
[Black "Bayaraa, Chinguun"]
[Result "0-1"]
[WhiteElo "2007"]
[BlackElo "1857"]
[PlyCount "90"]
[EventDate "2014.??.??"]

1. e4 c5 2. c3 Nf6 3. e5 Nd5 4. d4 e6 5. Nf3 Be7 6. Bc4 Nc7 7. O-O d5 8. Bd3
Nd7 9. Ne1 b5 10. f4 c4 11. Bc2 g6 12. Nf3 Nb6 13. Ng5 h6 14. Nh3 Bd7 15. Qg4
h5 16. Qg3 Bh4 17. Qf3 Na6 18. g4 hxg4 19. Qxg4 Qe7 20. Ng5 O-O-O 21. Rf3 Rh5
22. Rh3 Rdh8 23. Kf1 Bxg5 24. Rxh5 Rxh5 25. fxg5 Rxh2 $17 26. Bf4 $2 Rxc2 27.
b3 b4 28. Qd1 Rxc3 29. Nxc3 bxc3 30. Qc2 Qb4 31. Rc1 Nc7 32. Qxc3 Qxc3 33. Rxc3
Nb5 34. Rh3 Nxd4 35. Rh8+ Kc7 36. Rf8 cxb3 37. axb3 Nxb3 38. Rxf7 a5 39. Be3 d4
40. Bf2 a4 41. Be1 a3 42. Rf2 Bb5+ 43. Kg1 Nc4 44. Bb4 d3 45. Kf1 Ncd2+ 0-1